<?xml version="1.0" encoding="UTF-8"?>
<record
    xmlns:xsi="http://www.w3.org/2001/XMLSchema-instance"
    xsi:schemaLocation="http://www.loc.gov/MARC21/slim http://www.loc.gov/standards/marcxml/schema/MARC21slim.xsd"
    xmlns="http://www.loc.gov/MARC21/slim">

  <leader>00941    a2200145   4500</leader>
  <datafield tag="020" ind1=" " ind2=" ">
    <subfield code="a">9788489771383</subfield>
  </datafield>
  <datafield tag="082" ind1=" " ind2=" ">
    <subfield code="a">777.801</subfield>
    <subfield code="b">ST876h</subfield>
  </datafield>
  <datafield tag="100" ind1=" " ind2=" ">
    <subfield code="a">Frampton, Hollis</subfield>
    <subfield code="9">922</subfield>
  </datafield>
  <datafield tag="245" ind1=" " ind2=" ">
    <subfield code="a">Especulaciones.</subfield>
    <subfield code="b">Escritos sobre cine y fotografia</subfield>
  </datafield>
  <datafield tag="260" ind1=" " ind2=" ">
    <subfield code="a">Barcelona</subfield>
    <subfield code="b">Museu d'Art Contemporani de Barcelona</subfield>
    <subfield code="c">2007</subfield>
  </datafield>
  <datafield tag="300" ind1=" " ind2=" ">
    <subfield code="a">124 p</subfield>
    <subfield code="b">ill</subfield>
    <subfield code="c">21 cm</subfield>
  </datafield>
  <datafield tag="505" ind1=" " ind2=" ">
    <subfield code="t">Introduccion George Stolz</subfield>
    <subfield code="t">Una conferencia (1968)</subfield>
    <subfield code="t">Para una metahistoria del cine: nota e hipotesis a partir de un lugar comun (1971)</subfield>
    <subfield code="t">Notas sobre (nostalgia) (1971)</subfield>
    <subfield code="t">Pentagrama para conjurar la narracion (1972)</subfield>
    <subfield code="t">Digresiones sobre la agonia fotografica (1972)</subfield>
    <subfield code="t">Notas mentales (1973)</subfield>
    <subfield code="t">Eadweard Muybridge: fragmentos de un hipercubo (1973)</subfield>
    <subfield code="t">Incisiones en la historia/ Segmentos eternidad (1974)</subfield>
    <subfield code="t">La decadencia del estado del arte (1974)</subfield>
    <subfield code="t">Filmografia</subfield>
    <subfield code="t">Seleccion bibliografica dse los escritos de Hollis Frampton</subfield>
  </datafield>
  <datafield tag="650" ind1=" " ind2=" ">
    <subfield code="a">fotografia</subfield>
    <subfield code="x">cinematografia</subfield>
    <subfield code="x">ensayos</subfield>
    <subfield code="9">923</subfield>
  </datafield>
  <datafield tag="700" ind1=" " ind2=" ">
    <subfield code="a">Hollis Frampton</subfield>
    <subfield code="9">924</subfield>
  </datafield>
  <datafield tag="999" ind1=" " ind2=" ">
    <subfield code="c">195</subfield>
    <subfield code="d">195</subfield>
  </datafield>
  <datafield tag="952" ind1=" " ind2=" ">
    <subfield code="0">0</subfield>
    <subfield code="1">0</subfield>
    <subfield code="2">ddc</subfield>
    <subfield code="4">0</subfield>
    <subfield code="7">0</subfield>
    <subfield code="a">LV</subfield>
    <subfield code="b">LV</subfield>
    <subfield code="c">Pensamiento</subfield>
    <subfield code="d">2014-06-02</subfield>
    <subfield code="l">0</subfield>
    <subfield code="o">777.801 ST876h</subfield>
    <subfield code="p">000200</subfield>
    <subfield code="r">2014-06-02 00:00:00</subfield>
    <subfield code="w">2014-06-02</subfield>
    <subfield code="y">01</subfield>
  </datafield>
</record>
